[Event "1500-1800"]
[Site "SchemingMind.com"]
[Date "2008.12.13"]
[Round "-"]
[White "jtrochez1"]
[Black "Rotceh"]
[Result "1-0"]
[WhiteCountry "HON"]
[BlackCountry "MEX"]
[WhiteElo "1546"]
[WhiteRD "48"]
[BlackElo "1412"]
[BlackRD "62"]
[GameID "183002"]

1. e4 e5 2. Nf3 Nf6 3. Nc3 Nc6 4. Bc4 Nxe4 5. d3 Nxc3 6. bxc3 d5 7. Bb5 Bd6 8. h3 O-O 9. Bxc6 bxc6 10. O-O Bf5
11. Nd2 Re8 12. Re1
1-0

[Event "1500-1800"]
[Site "SchemingMind.com"]
[Date "2008.12.13"]
[Round "-"]
[White "Rotceh"]
[Black "jtrochez1"]
[Result "0-1"]
[WhiteCountry "MEX"]
[BlackCountry "HON"]
[WhiteElo "1412"]
[WhiteRD "62"]
[BlackElo "1546"]
[BlackRD "48"]
[GameID "183003"]

1. Nc3 g6 2. Nf3 Bg7 3. e4 e6 4. d4 d6 5. Bf4 Ne7 6. Qd2 O-O 7. Bh6 c6 8. Bxg7 Kxg7 9. O-O-O a6 10. e5 d5
11. h4 Rh8
0-1

[Event "1500-1800"]
[Site "SchemingMind.com"]
[Date "2008.12.13"]
[Round "-"]
[White "olivsan"]
[Black "jtrochez1"]
[Result "0-1"]
[WhiteCountry "BRA"]
[BlackCountry "HON"]
[WhiteElo "1546"]
[WhiteRD "74"]
[BlackElo "1578"]
[BlackRD "51"]
[GameID "183179"]

1. e4 e5 2. Nf3 Bd6 3. Bc4 h6 4. O-O Nc6 5. d3 Na5 6. Nc3 Nxc4 7. dxc4 Nf6 8. h3 O-O 9. b3 c6 10. a4 Bb4
11. Bd2 d6 12. Ne2 Bxd2 13. Qxd2 Nxe4 14. Qe3 Ng5 15. Nxg5 Qxg5 16. Qxg5 hxg5 17. Rad1 Rd8 18. Nc3 Be6 19. g4 d5 20. Rfe1 e4
21. c5 Re8 22. Rd4 f5 23. gxf5 Bxf5 24. Re3 Kf7 25. Rg3 Kf6 26. Re3 g4 27. hxg4 Bxg4 28. Ne2 Bxe2 29. Rxe2 Re5 30. f3 exf3
31. Rf2 Rf5 32. c3= Re8 33. Kh2 Re4 34. Kg3 Rxd4 35. cxd4 g5 36. b4 Rf4 37. Rd2 f2 38. Rxf2 Rxf2 39. Kxf2 Kf5 40. b5 Kf4
41. b6 a6 42. Ke2 Kg3 43. Ke3 g4 44. a5 Kh2 45. Kf4 g3 46. Ke5 g2 47. Kd6 g1=Q 48. Kc7 Qg7+ 49. Kc8 Kg3 50. Kb8 Kf4
51. Kc8 Ke4 52. Kb8 Kxd4
0-1

[Event "1500-1800"]
[Site "SchemingMind.com"]
[Date "2008.12.13"]
[Round "-"]
[White "jtrochez1"]
[Black "olivsan"]
[Result "0-1"]
[WhiteCountry "HON"]
[BlackCountry "BRA"]
[WhiteElo "1578"]
[WhiteRD "51"]
[BlackElo "1546"]
[BlackRD "74"]
[GameID "183181"]

1. e4 e5 2. Nf3 Nc6 3. d4 exd4 4. Nxd4 Bc5 5. Nf3 Nf6 6. Bg5 h6 7. Bxf6 Qxf6 8. c3 d6 9. Nbd2 Be6 10. Be2 O-O-O
11. O-O Qg6 12. Nh4 Qg5 13. Nhf3 Qg6 14. g3 Bh3 15. Re1 Rde8 16. a3 a6 17. Nh4 Qe6 18. b4 Bb6 19. Nf5 Bxf5 20. exf5 Qxf5
21. Nf3 g5 22. Nd2 Qxf2+ 23. Kh1 h5 24. Nc4 h4 25. Rf1 Qxe2 26. Nxb6+ cxb6 27. g4 Rhf8 28. h3 Qxd1 29. Raxd1 Re3 30. Rc1 Rxh3+
31. Kg2 Rg3+ 32. Kh2 Rxg4 33. a4 Ne5 34. a5 bxa5 35. bxa5 Nc4 36. Rg1 f5 37. Kh3 Rxg1 38. Rxg1 Rg8 39. Rf1 f4 40. Re1 Nxa5
41. Kg4 Nc4
0-1

[Event "1500-1800"]
[Site "SchemingMind.com"]
[Date "2008.12.17"]
[Round "-"]
[White "rodk"]
[Black "jtrochez1"]
[Result "1-0"]
[WhiteCountry "USA"]
[BlackCountry "HON"]
[WhiteElo "1610"]
[WhiteRD "80"]
[BlackElo "1580"]
[BlackRD "48"]
[GameID "183204"]

1. Nf3 d6 2. g3 e5 3. e4 Nc6 4. Bg2 Bg4 5. O-O Nd4 6. d3 Nxf3+ 7. Bxf3 Bxf3 8. Qxf3 Qf6 9. Qxf6 Nxf6 10. c4 Nd7
11. Nc3 c6 12. b4 Be7 13. a4 O-O 14. b5 Nc5 15. Rd1 Nb3 16. Rb1 Nxc1 17. Rbxc1 Bg5 18. Rb1 f5 19. exf5 Rxf5 20. Kg2 Rff8
21. d4 Bf6 22. dxe5 Bxe5 23. Ne4 Rad8 24. f4 Bf6 25. Rxd6 Rxd6 26. Nxd6 cxb5 27. axb5 b6 28. Rd1 Rd8 29. Rd5 h6 30. Kf3 Be7
31. Nf5 Bc5 32. Rxd8+ Kf7 33. Ra8 Kf6 34. g4 g5 35. fxg5+ hxg5 36. h3 Ke5 37. Rd8
1-0

[Event "1500-1800"]
[Site "SchemingMind.com"]
[Date "2008.12.17"]
[Round "-"]
[White "rodk"]
[Black "olivsan"]
[Result "1-0"]
[WhiteCountry "USA"]
[BlackCountry "BRA"]
[WhiteElo "1637"]
[WhiteRD "82"]
[BlackElo "1549"]
[BlackRD "76"]
[GameID "183205"]

1. Nf3 d5 2. c4 c6 3. d4 Nf6 4. Nc3 e6 5. e3 Bb4 6. Be2 O-O 7. O-O h6 8. c5 a6 9. a3 Ba5 10. b4 Bc7
11. Bb2 b5 12. cxb6 Bxb6 13. Na4 Nbd7 14. Nxb6 Nxb6 15. Rc1 Bb7 16. Ne5 Qd6 17. f4 Rfc8 18. Bh5 Nxh5 19. Qxh5 Rc7 20. f5 f6
21. Ng6 Rf7 22. Rce1 Nc4 23. Bc1 e5 24. g4 exd4 25. exd4 Kh7 26. Bf4 Qd8 27. h4 Nd6 28. g5 Nxf5 29. gxh6 Nxh6 30. Bxh6 gxh6
31. Rf2 Qg8 32. Rg2 Rg7 33. Re7 Rxe7 34. Nxe7 Qe8 35. Qf5+ Kh8 36. Qxf6+
1-0

[Event "1500-1800"]
[Site "SchemingMind.com"]
[Date "2008.12.13"]
[Round "-"]
[White "jtrochez1"]
[Black "rodk"]
[Result "1-0"]
[WhiteCountry "HON"]
[BlackCountry "USA"]
[WhiteElo "1559"]
[WhiteRD "50"]
[BlackElo "1605"]
[BlackRD "81"]
[GameID "183207"]

1. e4 c6 2. Bc4 d5 3. exd5 cxd5 4. Be2 e5 5. Nc3 d4 6. Ne4 Nf6 7. d3 Bb4+ 8. Bd2 Bxd2+ 9. Nxd2 Nc6 10. h3 O-O
11. Ngf3 b6 12. O-O Bb7 13. Ne4 Nxe4 14. dxe4 Rc8 15. Bd3 Nb4 16. Nxe5 Nxd3 17. cxd3 Re8 18. Nf3 Re7 19. Qd2 Rec7 20. Rfc1 Rd7
21. Rxc8 Bxc8 22. Ne5 Rd6 23. Qf4 f6 24. Ng4 Ba6 25. Rd1 Qe7 26. Qg3 Kh8 27. e5 fxe5 28. Nxe5 Qe6 29. Nf7+
1-0

[Event "1500-1800"]
[Site "SchemingMind.com"]
[Date "2008.12.12"]
[Round "-"]
[White "olivsan"]
[Black "rodk"]
[Result "0-1"]
[WhiteCountry "BRA"]
[BlackCountry "USA"]
[WhiteElo "1546"]
[WhiteRD "74"]
[BlackElo "1618"]
[BlackRD "81"]
[GameID "183208"]

1. d4 Nf6 2. c4 e6 3. Nf3 Nc6 4. Nc3 Bb4 5. e3 b6 6. Qc2 Bb7 7. Bd3 O-O 8. O-O d5 9. cxd5 exd5 10. a3 Be7
11. Re1 Qd7 12. h3 Nd8 13. Ne5 Qc8 14. b4 Ne6 15. Nf3 c5 16. bxc5 bxc5 17. dxc5 Nxc5 18. a4 Nxd3 19. Qxd3 Rd8 20. Bb2 Qc4
21. Qxc4 dxc4 22. Ne5 Rac8 23. f4 Rd2 24. Re2 Rxe2 25. Nxe2 Ne4 26. Rc1 Ba6 27. Bd4 Rc7 28. Nc3 Nxc3 29. Bxc3 f6 30. Nf3 Bc5
31. Bd4 Bb6 32. Bxb6 axb6 33. Nd4 c3 34. Ne2 Bxe2 35. Rc2 Bd1 36. Rc1 c2 37. g4 Rc4
0-1

[Event "1500-1800"]
[Site "SchemingMind.com"]
[Date "2008.12.13"]
[Round "-"]
[White "capablanca"]
[Black "jtrochez1"]
[Result "1/2-1/2"]
[WhiteCountry "GER"]
[BlackCountry "HON"]
[WhiteElo "1666"]
[WhiteRD "54"]
[BlackElo "1532"]
[BlackRD "50"]
[GameID "183294"]

1. e4 e5 2. Nf3 d6 3. d4 exd4 4. Nxd4 g6 5. Nc3 a6 6. Bc4 c6 7. O-O Nd7 8. Re1 Bg7 9. Bf4 Ne5 10. Bb3 Ne7
11. Qd2 O-O 12. Bg5 Qc7 13. f4 Ng4 14. h3 Nf6 15. e5 dxe5 16. fxe5 Nfd5 17. Bh6 c5 18. Bxg7 Kxg7 19. Nxd5 Nxd5 20. Bxd5 cxd4
21. Qxd4 Kg8 22. c4 Rb8 23. Rad1 Be6 24. Qh4 Qc5+ 25. Kh1 b5 26. Rc1 bxc4 27. Bxe6 fxe6 28. Rxc4 Qa7 29. Rec1 Qg7 30. Rc7 Qh8
31. Re7 Rf7 32. Rcc7 Rf1+ 33. Kh2 Qxe5+ 34. Qg3 Rh1+ 35. Kxh1 Qxg3 36. Rg7+=
1/2-1/2

[Event "1500-1800"]
[Site "SchemingMind.com"]
[Date "2008.12.13"]
[Round "-"]
[White "capablanca"]
[Black "olivsan"]
[Result "1-0"]
[WhiteCountry "GER"]
[BlackCountry "BRA"]
[WhiteElo "1657"]
[WhiteRD "64"]
[BlackElo "1546"]
[BlackRD "74"]
[GameID "183295"]

1. e4 e5 2. Nf3 Nc6 3. Bb5 a6 4. Ba4 Nf6 5. O-O Be7 6. Re1 b5 7. Bb3 O-O 8. c3 d6 9. d4 Bg4 10. Nbd2 h6
11. h3 Bh5 12. Qc2 Bg6 13. Nh4 exd4 14. Nxg6 Re8 15. Nxe7+ Qxe7 16. cxd4 Nxd4 17. Qd3 c5 18. Bc2 c4 19. Qxd4 d5 20. e5 Qe6
21. Nf3 Nd7 22. Bf4 Rad8 23. Rad1 Qc6 24. Nd2 Nc5 25. Nf3 Ne6 26. Qe3 Rd7 27. Bxh6 d4 28. Qc1 d3 29. Bxd3 gxh6 30. Be4 Qc7
31. Bf5 Rxd1 32. Rxd1 Nc5 33. Qxh6 Nd3 34. Bh7+
1-0

[Event "1500-1800"]
[Site "SchemingMind.com"]
[Date "2008.12.16"]
[Round "-"]
[White "capablanca"]
[Black "rodk"]
[Result "1-0"]
[WhiteCountry "GER"]
[BlackCountry "USA"]
[WhiteElo "1647"]
[WhiteRD "62"]
[BlackElo "1610"]
[BlackRD "80"]
[GameID "183297"]

1. e4 c6 2. d4 d5 3. Nc3 dxe4 4. Nxe4 Bf5 5. Ng3 Bg6 6. h4 h6 7. h5 Bh7 8. Nf3 Nd7 9. Bd3 Bxd3 10. Qxd3 Ngf6
11. Bf4 e6 12. O-O-O Ng4 13. Qe2 Bb4 14. Ne5 Ndxe5 15. dxe5 Qa5 16. Qxg4 O-O 17. Bxh6 Qxe5 18. Ne4 f5 19. Qg3 Qxg3 20. Nxg3 gxh6
21. Rd7 Rab8 22. Ne2 Rfd8 23. Rhd1 Rxd7 24. Rxd7 Bc5 25. f3 Be3+ 26. Kd1 Bg5 27. Ke1 e5 28. Kf1 a5 29. Nc3 b6 30. Ne2 f4
31. Nc3 Bf6 32. Ne4 Bg7 33. Nd6 c5 34. Nf5 Bf8 35. Ke2 b5 36. Kd3 Rb6 37. Ke4
1-0

[Event "1500-1800"]
[Site "SchemingMind.com"]
[Date "2008.12.13"]
[Round "-"]
[White "jtrochez1"]
[Black "capablanca"]
[Result "0-1"]
[WhiteCountry "HON"]
[BlackCountry "GER"]
[WhiteElo "1559"]
[WhiteRD "50"]
[BlackElo "1710"]
[BlackRD "58"]
[GameID "183298"]

1. e4 e5 2. Nf3 Nc6 3. d4 exd4 4. Nxd4 Bc5 5. Nf5 Qf6 6. Qf3 d6 7. c3 Ne5 8. Qg3 Bxf5 9. exf5 O-O-O 10. Bg5 Qxf5
11. Bxd8 Ng4 12. Kd2 Bxf2 13. Qh3 Qd5+ 14. Bd3 Kxd8 15. Qxg4 Nf6 16. Qf3 Qg5+ 17. Kc2 Bb6 18. h4 Qc5 19. Nd2 Nd5 20. Qxf7 Nb4+
21. Kd1 Nxd3 22. Ne4 Qe3 23. Qxg7 Nxb2+ 24. Kc2 Qe2+ 25. Kb3 Re8 26. Rhe1 Qb5+ 27. Kc2 Nc4 28. Qf6+ Kc8 29. Qf1 Qb2+ 30. Kd1 Qxa1+
0-1

[Event "1500-1800"]
[Site "SchemingMind.com"]
[Date "2008.12.13"]
[Round "-"]
[White "olivsan"]
[Black "capablanca"]
[Result "0-1"]
[WhiteCountry "BRA"]
[BlackCountry "GER"]
[WhiteElo "1549"]
[WhiteRD "76"]
[BlackElo "1663"]
[BlackRD "66"]
[GameID "183299"]

1. e4 e5 2. Nf3 Nc6 3. Bc4 Bc5 4. c3 Nf6 5. d3 d6 6. O-O Be6 7. Bxe6 fxe6 8. h3 O-O 9. a3 d5 10. exd5 exd5
11. Bg5 Qd6 12. Bh4 Nh5 13. d4 exd4 14. cxd4 Bb6 15. Nc3 Nf4 16. Bg3 Qd7 17. Qd2 Nh5 18. Rfe1 Nxg3 19. fxg3 Rae8 20. b4 Rxe1+
21. Rxe1 Qd6 22. Kh2 Ne7 23. Qg5 Nf5 24. Re5 Nxd4 25. Rxd5 Nxf3+ 26. gxf3 Qf6 27. Qxf6 Rxf6 28. f4 Rd6 29. Rxd6 cxd6 30. Nd5 Bd8
31. h4= Kf7 32. f5 g6 33. Ne3 Kf6 34. g4 gxf5 35. gxf5 Ke5 36. Kg3 d5 37. Kg4 d4 38. Nc4+ Kd5 39. Nb2 Ke4 40. h5 b5
41. h6 d3 42. Kg3 Bf6 43. Nd1 Kxf5 44. Kf3 Bg5 45. Nf2 d2 46. Ke2 Bxh6 47. Nd1 Bg5 48. Nc3 a6 49. Kd3 h5 50. Ke2 Ke5
51. Kd1 h4 52. Ne2 h3 53. Ng1 Ke4 54. Nxh3 Be3 55. Kc2 Kd4 56. Kd1 Kd3
0-1

[Event "1500-1800"]
[Site "SchemingMind.com"]
[Date "2008.12.18"]
[Round "-"]
[White "rodk"]
[Black "capablanca"]
[Result "0-1"]
[WhiteCountry "USA"]
[BlackCountry "GER"]
[WhiteElo "1610"]
[WhiteRD "80"]
[BlackElo "1647"]
[BlackRD "62"]
[GameID "183301"]

1. Nf3 Nf6 2. d4 d5 3. c4 e6 4. Nc3 dxc4 5. e3 Bb4 6. Bxc4 O-O 7. O-O a6 8. Bd2 c5 9. a3 cxd4 10. Nxd4 Bd6
11. b4 b5 12. Ncxb5 axb5 13. Bxb5 Ba6 14. Bxa6 Nxa6 15. b5 Nc5 16. a4 Nfe4 17. Nc6 Qc7 18. g3 Nxd2 19. Qxd2 Nb3 20. Qa2 Nxa1
21. Rxa1 Qb6 22. Qd2 Bc5 23. Qc2 Rfc8 24. Qe4 Re8 25. Qc2 Rac8 26. Qe4 Rc7 27. Qc4 Rxc6 28. Rc1 Rc7
0-1

[Event "1500-1800"]
[Site "SchemingMind.com"]
[Date "2008.12.14"]
[Round "-"]
[White "kwabena"]
[Black "jtrochez1"]
[Result "0-1"]
[WhiteCountry "ENG"]
[BlackCountry "HON"]
[WhiteElo "1631"]
[WhiteRD "68"]
[BlackElo "1532"]
[BlackRD "50"]
[GameID "183507"]

1. d4 d5 2. Bf4 Nf6 3. h3 Nc6 4. e3 Bf5 5. c4 e6 6. Nc3 a6 7. c5 Be7 8. Nf3 h6 9. Bd3 Ne4 10. O-O O-O
11. Qc2 Nb4 12. Qd2 Nxd2 13. Nxd2 Nxd3 14. Bh2 Bf6 15. b3 c6 16. Nf3 Qe7 17. Bd6 Qd7 18. Bxf8 Rxf8 19. Ne2 e5 20. dxe5 Nxe5
21. Nxe5 Bxe5 22. Rac1 Bxh3 23. gxh3 Qxh3 24. Nf4 Qg4+ 25. Ng2 g5 26. f3 Qg3 27. f4 gxf4 28. exf4 Bd4+ 29. Kh1 Qh3#
0-1

[Event "1500-1800"]
[Site "SchemingMind.com"]
[Date "2008.12.14"]
[Round "-"]
[White "kwabena"]
[Black "capablanca"]
[Result "0-1"]
[WhiteCountry "ENG"]
[BlackCountry "GER"]
[WhiteElo "1631"]
[WhiteRD "68"]
[BlackElo "1666"]
[BlackRD "54"]
[GameID "183508"]

1. d4 d5 2. Bf4 g6 3. e3 Bg7 4. c4 c6 5. Nc3 Nf6 6. Qb3 dxc4 7. Bxc4 O-O 8. Nf3 Nbd7 9. O-O Nb6 10. Bd3 Be6
11. Qc2 Nbd5 12. Bg3 Nb4 13. Qd1 Nxd3 14. Qxd3 c5 15. Rfd1 cxd4 16. Nxd4 Bd7 17. Qe2 Qe8 18. Ndb5 Bxb5 19. Nxb5 Qc6 20. Rac1 Qb6
21. a4 Ne4 22. Bc7 Qa6 23. b3 Qe6 24. Qd3 a6 25. Na3 Qf5 26. Qe2 Rfc8 27. Bg3 Nxg3 28. hxg3 Rxc1 29. Rxc1 Rc8 30. Rxc8+ Qxc8
31. Nc4 b5= 32. axb5 axb5 33. Na3 Qc1+ 34. Qf1 Qxa3 35. Qxb5 Qc1+ 36. Kh2 Qe1 37. Qc5 e6 38. f3 Bh6 39. e4 Bf8 40. Qc8 Qb4
41. Qc2 Bd6 42. Kh3 Qe1 43. Kh2 Qxg3+ 44. Kg1 Qe1#
0-1

[Event "1500-1800"]
[Site "SchemingMind.com"]
[Date "2008.12.15"]
[Round "-"]
[White "kwabena"]
[Black "olivsan"]
[Result "1-0"]
[WhiteCountry "ENG"]
[BlackCountry "BRA"]
[WhiteElo "1640"]
[WhiteRD "63"]
[BlackElo "1592"]
[BlackRD "79"]
[GameID "183509"]

1. d4 Nf6 2. Bg5 Ne4 3. Bf4 d5 4. e3 Bf5 5. Nf3 e6 6. a3 Nc6 7. c4 Qe7 8. Bxc7 Qxc7 9. c5 a6 10. Nc3 Nxc3
11. bxc3 f6 12. c4 O-O-O 13. cxd5 exd5 14. Bd3 Bxd3 15. Qxd3 g5 16. Qf5+ Qd7 17. Qxf6 Be7 18. Qh6 Qf5 19. O-O Bf8 20. Qxg5 Qxg5
21. Nxg5 Bh6 22. Nf7 Bg7 23. Nxh8 Bxh8 24. Rab1 h6 25. g4 Rg8 26. f3 h5 27. h3 h4 28. Kf2 Na5 29. Rb4 Bf6 30. Rfb1 Be7
31. f4 Nc4 32. Rxb7 Rg7 33. a4 Nd2 34. Rb8+ Kd7 35. R1b7+ Ke6 36. Rb6+ Kf7 37. Rxa6 Ne4+ 38. Kg2 Rg8 39. Rb7 Kf8 40. Re6
1-0

[Event "1500-1800"]
[Site "SchemingMind.com"]
[Date "2008.12.15"]
[Round "-"]
[White "kwabena"]
[Black "Rotceh"]
[Result "1-0"]
[WhiteCountry "ENG"]
[BlackCountry "MEX"]
[WhiteElo "1674"]
[WhiteRD "64"]
[BlackElo "1412"]
[BlackRD "62"]
[GameID "183510"]

1. d4 Nf6 2. Bg5 Ne4 3. Bf4 d5 4. e3 c5 5. c3 Nc6 6. h3 Bf5 7. Nf3 f6 8. Nbd2 cxd4 9. cxd4 Nxd2 10. Qxd2 e5
11. dxe5
1-0

[Event "1500-1800"]
[Site "SchemingMind.com"]
[Date "2008.12.19"]
[Round "-"]
[White "kwabena"]
[Black "rodk"]
[Result "1-0"]
[WhiteCountry "ENG"]
[BlackCountry "USA"]
[WhiteElo "1661"]
[WhiteRD "65"]
[BlackElo "1605"]
[BlackRD "81"]
[GameID "183511"]

1. d4 Nf6 2. Bf4 g6 3. e3 Bg7 4. Nf3 O-O 5. c4 d6 6. Nc3 c6 7. Be2 Nbd7 8. b4 a6 9. c5 dxc5 10. bxc5 Qa5
11. Qc2 Nd5 12. Rc1 Nxc3 13. Qxc3 Qxa2 14. Bc4 Qa4 15. O-O Nxc5 16. Ra1 Qxa1 17. Rxa1 b5 18. Bxf7+ Kxf7 19. Qxc5 Bb7 20. Ng5+ Kg8
21. Qxe7
1-0

[Event "1500-1800"]
[Site "SchemingMind.com"]
[Date "2008.12.14"]
[Round "-"]
[White "jtrochez1"]
[Black "kwabena"]
[Result "0-1"]
[WhiteCountry "HON"]
[BlackCountry "ENG"]
[WhiteElo "1559"]
[WhiteRD "50"]
[BlackElo "1661"]
[BlackRD "65"]
[GameID "183512"]

1. e4 d5 2. exd5 Qxd5 3. Nc3 Qd8 4. Nf3 Bf5 5. d3 e6 6. Be2 Nf6 7. h3 h6 8. Bd2 Bd6 9. Qc1 Nc6 10. a3 O-O
11. Be3 a6 12. g4 Bh7 13. Ng1 Qe7 14. h4 Nd7 15. Qd2 Rfe8 16. g5 hxg5 17. hxg5 Nce5 18. d4 Ng6 19. Ne4 Nb6 20. Nxd6 cxd6
21. O-O-O Nd5 22. Bd3 Nxe3 23. Qxe3 e5 24. Nh3 Qe6 25. Kb1 exd4 26. Qxd4 Qe5 27. c3 b5 28. Rhe1 Qxd4 29. cxd4 Nh4 30. Bxh7+ Kxh7
31. Rh1 Kg8 32. Nf4 Nf3 33. g6 fxg6 34. Nxg6 Kf7 35. Nh4 Ng5 36. f4 Ne4 37. Rh2 Rh8 38. Rd3 Rac8 39. Rdh3 Rh5 40. Nf3 Rxh3
41. Rxh3 Rc4 42. Rh5 Ng3 43. Rh3 Nf5 44. Ng5+ Kg6 45. d5 Rxf4 46. Ne6 Rf1+ 47. Ka2 Kf6 48. Rd3 g5 49. Nxg5 Kxg5 50. Kb3 a5
51. a4 b4 52. Kc4 Rb1 53. b3 Rc1+ 54. Kb5 Rc5+ 55. Kb6 Ne7 56. Rg3+ Kf4 57. Rg7 Nxd5+ 58. Kb7 Ne3 59. Rc7 Rc3 60. Rf7+ Ke4
61. Re7+ Kd4 62. Rc7 Rxb3 63. Ka6 Rc3
0-1

[Event "1500-1800"]
[Site "SchemingMind.com"]
[Date "2008.12.14"]
[Round "-"]
[White "capablanca"]
[Black "kwabena"]
[Result "0-1"]
[WhiteCountry "GER"]
[BlackCountry "ENG"]
[WhiteElo "1666"]
[WhiteRD "54"]
[BlackElo "1631"]
[BlackRD "68"]
[GameID "183513"]

1. e4 d5 2. exd5 Qxd5 3. Nc3 Qd8 4. d4 a6 5. Nf3 Bf5 6. Bc4 e6 7. O-O h6 8. Re1 Be7 9. Bf4 Nf6 10. h3 b5
11. Bd3 Bxd3 12. Qxd3 c5 13. d5 c4 14. Qd4 exd5 15. Rad1 Nc6 16. Qe3 O-O 17. Ne5 Nb4 18. Rd2 Qc8 19. Bxh6 gxh6 20. Qxh6 Qf5
21. Re3 Nh7 22. Rg3+ Bg5 23. Nf3 f6 24. Nxg5 fxg5 25. Rd4 Rf6 26. Qh5 Qxf2+ 27. Kh2 Qxd4 28. h4 Rf4 29. hxg5 Rh4+
0-1

[Event "1500-1800"]
[Site "SchemingMind.com"]
[Date "2008.12.15"]
[Round "-"]
[White "olivsan"]
[Black "kwabena"]
[Result "0-1"]
[WhiteCountry "BRA"]
[BlackCountry "ENG"]
[WhiteElo "1588"]
[WhiteRD "76"]
[BlackElo "1674"]
[BlackRD "64"]
[GameID "183514"]

1. d4 d5 2. Nf3 Bg4 3. Ne5 Bf5 4. Bf4 e6 5. e3 h6 6. Nf3 Nf6 7. Nc3 a6 8. h3 c5 9. dxc5 Bxc5 10. Bd3 Bxd3
11. cxd3 O-O 12. O-O Nc6 13. a3 Nh5 14. d4 Nxf4 15. exf4 Ba7 16. Re1 Qc7 17. Qd2 Na5 18. Qc2 Qxf4 19. b4 Nc6 20. Rad1 Rac8
21. Qd2 Qxd2 22. Rxd2 Nxd4 23. Nxd4 Rxc3 24. Rc2 Rxa3 25. Rd2 Rc8 26. Nc2 Rb3 27. Re3 Bxe3 28. Nxe3 Rxb4 29. Nc2 Rb2
0-1

[Event "1500-1800"]
[Site "SchemingMind.com"]
[Date "2008.12.15"]
[Round "-"]
[White "Rotceh"]
[Black "kwabena"]
[Result "0-1"]
[WhiteCountry "MEX"]
[BlackCountry "ENG"]
[WhiteElo "1412"]
[WhiteRD "62"]
[BlackElo "1674"]
[BlackRD "64"]
[GameID "183515"]

1. Nc3 d5 2. e4 d4 3. Nce2 e5 4. Nf3 Nc6 5. Ng3 a6 6. Bc4 Nf6 7. O-O Bd6 8. a3 O-O 9. d3 Na5 10. Ba2 c5
0-1

[Event "1500-1800"]
[Site "SchemingMind.com"]
[Date "2008.12.19"]
[Round "-"]
[White "rodk"]
[Black "kwabena"]
[Result "0-1"]
[WhiteCountry "USA"]
[BlackCountry "ENG"]
[WhiteElo "1611"]
[WhiteRD "81"]
[BlackElo "1674"]
[BlackRD "64"]
[GameID "183516"]

1. e4 d5 2. exd5 Qxd5 3. Nc3 Qd8 4. d4 h6 5. Nf3 Bf5 6. Bc4 e6 7. O-O Nf6 8. h3 a6 9. b3 c5 10. d5 b5
11. Bd3 Bxd3 12. Qxd3 exd5 13. Rd1 d4 14. Ne2 Nc6 15. Bb2 Be7 16. c3 dxc3 17. Qxc3 Qb6 18. Rac1 O-O 19. Ne5 Nxe5 20. Qxe5 Rfe8
21. Rd7 Ra7 22. Rcd1 Rxd7 23. Rxd7 Bd8 24. Qg3 Rxe2 25. Bxf6 Bxf6 26. Qc7 Re1+ 27. Kh2 Be5+
0-1

[Event "1500-1800"]
[Site "SchemingMind.com"]
[Date "2008.12.16"]
[Round "-"]
[White "Negrito19"]
[Black "jtrochez1"]
[Result "0-1"]
[WhiteCountry "ARG"]
[BlackCountry "HON"]
[WhiteElo "1640"]
[WhiteRD "63"]
[BlackElo "1546"]
[BlackRD "48"]
[GameID "183824"]

1. e4 e5 2. Nf3 Nc6 3. Nc3 Nf6 4. d4 d6 5. d5 Nb8 6. Bg5 Be7 7. Nd2 a6 8. h3 c5 9. dxc6 bxc6 10. Qf3 Nbd7
11. Bc4 Nb6 12. Bb3 O-O 13. Qg3 Nh5 14. Bxe7 Qxe7 15. Qf3 Nf4 16. O-O-O Be6 17. g3 Nxh3 18. Bxe6 Qxe6 19. g4 Ng5 20. Qg3 Qg6
21. Rh4 f6 22. Rdh1 Kf7 23. f4 exf4 24. Qxf4 Rad8 25. Nf3 h6 26. e5 Nxf3 27. Qxf3 dxe5 28. Qxc6 Nc8 29. Qc4+ Ke8 30. Qe6+ Ne7
31. Nd5 Rf7 32. Rd1 Kf8 33. Qxa6 Qg5+ 34. Kb1 Qxh4 35. c4 Qxg4 36. Rc1 Nxd5 37. cxd5 Qe4+ 38. Ka1 Qxd5 39. a3 Qd2 40. Qc6 e4
41. Qc5+ Kg8 42. Rc2 Qd4 43. Qa5 Qd1+ 44. Ka2 Qd5+ 45. Qxd5 Rxd5 46. a4 f5 47. Rc8+ Kh7 48. Ra8 f4 49. a5 f3 50. a6 Rdd7
51. Re8 f2 52. Rxe4 f1=Q 53. a7 Rxa7+ 54. Kb3 Qf3+ 55. Re3 Qxe3+ 56. Kc4 Rfc7+ 57. Kb4 Qb6#
0-1

[Event "1500-1800"]
[Site "SchemingMind.com"]
[Date "2008.12.16"]
[Round "-"]
[White "Negrito19"]
[Black "capablanca"]
[Result "1/2-1/2"]
[WhiteCountry "ARG"]
[BlackCountry "GER"]
[WhiteElo "1612"]
[WhiteRD "58"]
[BlackElo "1710"]
[BlackRD "58"]
[GameID "183825"]

1. e4 e5 2. Nf3 Nc6 3. Bb5 a6 4. Bxc6 dxc6 5. Nc3 c5 6. Nxe5 Qd4 7. Nf3 Qd8 8. d3 f6 9. Bf4 Bg4 10. h3 Bh5
11. g4 Bf7 12. Qe2 Qd7 13. O-O O-O-O 14. Rad1 Bd6 15. e5 fxe5 16. Bxe5 Re8 17. d4 cxd4 18. Rxd4 Qe6 19. Re4 Bxe5 20. Nxe5 Nf6
21. Nxf7 Qxf7 22. Qf3 Rxe4 23. Nxe4 Rf8 24. Qf5+ Kb8 25. Nc5 Ka8 26. c4 g6 27. Qf3 c6 28. Rd1 Qxc4 29. Nb3 Nd7 30. Qg3 Nb6
31. Qc7 Qe2 32. Rd2 Qe1+ 33. Kg2 Qe4+ 34. Kg1 Nd5=
1/2-1/2

[Event "1500-1800"]
[Site "SchemingMind.com"]
[Date "2008.12.16"]
[Round "-"]
[White "Negrito19"]
[Black "olivsan"]
[Result "0-1"]
[WhiteCountry "ARG"]
[BlackCountry "BRA"]
[WhiteElo "1630"]
[WhiteRD "61"]
[BlackElo "1592"]
[BlackRD "79"]
[GameID "183826"]

1. e4 e5 2. Nf3 Nc6 3. Bb5 a6 4. Bxc6 dxc6 5. Nc3 f6 6. d3 Bb4 7. Bd2 Bg4 8. h3 Bh5 9. g4 Bg6 10. a3 Ba5
11. Na4 Bxd2+ 12. Qxd2 Qd6 13. Qc3 b6 14. O-O-O Bf7 15. d4 exd4 16. Rxd4 Qf4+ 17. Nd2 Ne7 18. Rd1 O-O 19. Kb1 Qxf2 20. Rd7 Ng6
21. Rxc7 Qe2 22. Nxb6 Qxd1#
0-1

[Event "1500-1800"]
[Site "SchemingMind.com"]
[Date "2008.12.16"]
[Round "-"]
[White "Negrito19"]
[Black "kwabena"]
[Result "1/2-1/2"]
[WhiteCountry "ARG"]
[BlackCountry "ENG"]
[WhiteElo "1612"]
[WhiteRD "58"]
[BlackElo "1661"]
[BlackRD "65"]
[GameID "183829"]

1. e4 d5 2. e5 Bf5 3. d4 e6 4. g4 Bg6 5. h4 h6 6. h5 Bh7 7. c4 c6 8. Nc3 a6 9. a3 Qc7 10. Nf3 c5
11. cxd5 exd5 12. dxc5 Bxc5 13. Nxd5 Qc6 14. b4 Ba7 15. Qd2 Be4 16. b5 Qxd5 17. Qxd5 Bxd5 18. Rh3 Ne7 19. Bb2 O-O 20. bxa6 bxa6
21. Bd3 Nbc6 22. g5 Bxf3 23. gxh6 Bd4 24. hxg7 Kxg7 25. h6+ Kh8 26. Rxf3 Bxb2 27. Rb1 Bxa3 28. Be4 Rad8 29. Rxa3 Nxe5 30. Rxa6 N7g6
31. Ke2 Kh7 32. Rh1 Ng4 33. Rg1 Nxh6 34. Bxg6+ fxg6 35. Rgxg6 Nf5 36. Rg5 Nd4+ 37. Kf1 Rde8 38. Rh5+ Kg7 39. Rg5+ Kf7 40. Rg4 Ne6
41. f4 Rg8 42. Rh4 Rh8 43. Rg4 Reg8 44. Rxg8 Rxg8 45. f5 Nd4 46. f6 Nf3 47. Kf2 Ne5 48. Rd6 Ng4+ 49. Kf3 Nxf6 50. Kf4 Ke7
51. Ke5= Rg5+ 52. Kf4 Rg4+ 53. Ke5= Rg1 54. Re6+ Kf7 55. Rxf6+ Kg7 56. Ra6=
1/2-1/2